000 00157nam a22000857a 4500
082 _a823
100 _aSHANKAR
245 _aTREASURY OF INDIAN TALES
942 _cBK
999 _c8352
_d8352